Los intocables

Chicago, años 30. Impera la 'Ley seca', que prohíbe la venta de alcohol. El idealista agente federal Eliot Ness (Kevin Costner) persigue implacablemente al gángster Al Capone (Robert De Niro), amo absoluto del crimen organizado en la ciudad. La falta de pruebas le impide acusarlo de asesin...

Descripción completa

Guardado en:
Autor Principal: De Palma, Brian.
Autor Corporativo: Paramount Pictures.
Otros Autores: Mamet, David; Guion., Morricone, Ennio; Música., Costner, Kevin; Reparto., Connery, Sean; Reparto., Smith, Charles Martin; Reparto., De Niro, Robert; Reparto., García, Andy; Reparto.
Formato: Deslizar
Idioma:Undetermined
Publicado: Estados Unidos : Paramount Pictures, 1987.
Materias:
Etiquetas: Agregar Etiqueta
Sin Etiquetas, Sea el primero en etiquetar este registro!
LEADER 01625ngm a22002895a 4500
001 CEM.cems020557
008 231012s1987####xx#---############vlund#d
005 20231012193545.0
245 1 0 |a Los intocables  |h [videograbación] /  |c Brian De Palma. 
260 |a Estados Unidos :  |b Paramount Pictures,  |c 1987. 
300 |a 119'. 
520 |a Chicago, años 30. Impera la 'Ley seca', que prohíbe la venta de alcohol. El idealista agente federal Eliot Ness (Kevin Costner) persigue implacablemente al gángster Al Capone (Robert De Niro), amo absoluto del crimen organizado en la ciudad. La falta de pruebas le impide acusarlo de asesinato, extorsión y comercio ilegal de alcohol, pero Ness, con la ayuda de un par de intachables policías (Andy Garcia y Charles Martin Smith) reclutados con la ayuda de un astuto agente (Sean Connery), intentará encontrar algún medio para inculparlo por otra clase de delitos. 
590 |a Identificación anterior: 234 
538 |a Soporte: DVD -- Formato: AVI – Peso: 726mb -- Resolución: 640 x 272 -- 23.98 fps 
500 |a Título original: The Untouchables – Idioma: Inglés – Subtítulos: Español. 
100 1 |a De Palma, Brian. 
700 1 |a Mamet, David; Guion. 
700 1 |a Morricone, Ennio; Música. 
700 1 |a Costner, Kevin; Reparto. 
700 1 |a Connery, Sean; Reparto. 
700 1 |a Smith, Charles Martin; Reparto. 
700 1 |a De Niro, Robert; Reparto. 
700 1 |a García, Andy; Reparto. 
710 2 |a Paramount Pictures. 
653 |a LARGOMETRAJE 
653 |a FICCIÓN 
859 |a CEMS  |b BIB. CEMS - Depto. Recursos Didacticos  |h 778.5  |i PAL-2  |k DRD  |p 3178.23  |t Ej.1